000 00649nam a2200229Ia 4500
003 OSt
005 20220918223859.0
006 a|||||r|||| 00| 0
007 ta
008 220917b |||||||| |||| 00| 0 eng d
024 _a225,492
037 _cTextual
040 _aARTS
_cARTS
_beng
041 _2eng
_aeng
082 _aR:(S:44):g, P2(RD)
100 _aPorter Burton F.
_972250
245 0 _aThe voice of reason
_b Fundamentals of critical thinking
260 _aNew York
_bOxford Univ. press
_c2002
300 _axvii, 365p
_ccm.
942 _hR:(S:44):g, P2(RD)
_cTEXL
_2CC
999 _c279658
_d279658